[Event "Brno ÈEZ Talent"]
[Site "?"]
[Date "2014.08.29"]
[Round "7"]
[White "Kociscak, Jiri"]
[Black "Miculka, David"]
[Result "1-0"]
[WhiteElo "2458"]
[BlackElo "2018"]
[PlyCount "71"]
[EventDate "2014.??.??"]

1. d4 f5 2. c4 Nf6 3. Nc3 e6 4. g3 d5 5. Bg2 c6 6. Nf3 Bd6 7. O-O O-O 8. Bf4
Bxf4 9. gxf4 Nbd7 10. e3 Qe7 11. Qc2 Ne4 12. Rab1 b6 13. b4 Ba6 14. Nxe4 fxe4
15. Nd2 Nf6 16. a4 Rac8 17. b5 Bb7 18. bxc6 Rxc6 19. a5 Rfc8 20. axb6 axb6 21.
Ra1 Qc7 22. Ra7 g5 23. f3 gxf4 24. fxe4 Ng4 25. exd5 Nxe3 {Diagram #} 26. Rxb7
Nxc2 27. dxc6 Qd6 28. Rd7 Qb4 29. Ne4 Rf8 30. c7 Ne3 31. Nf6+ Rxf6 32. c8=Q+
Rf8 33. Qc7 Nf5 34. Qxf4 Qxc4 35. Qg5+ Kh8 36. Rxf5 1-0

[Event "Brno ÈEZ Talent"]
[Site "?"]
[Date "2014.08.29"]
[Round "7"]
[White "Pokorny, Petr"]
[Black "Kraus, Tomas"]
[Result "0-1"]
[WhiteElo "2126"]
[BlackElo "2400"]
[PlyCount "112"]
[EventDate "2014.??.??"]

1. d4 Nf6 2. Nf3 e6 3. Bf4 c5 4. c3 b6 5. e3 Bb7 6. Nbd2 Be7 7. h3 O-O 8. Bd3
cxd4 9. exd4 d6 10. O-O Nbd7 11. Re1 Qc7 12. Bh2 a6 13. Qe2 Rfe8 14. Ng5 Qc6
15. Qf3 Qxf3 16. Ngxf3 h6 17. Re2 Rec8 18. Ne1 Bf8 19. Nc2 g6 20. Ne3 d5 21.
Nf3 b5 22. Ng4 b4 23. cxb4 Nxg4 24. hxg4 Bxb4 25. Ne5 Nxe5 26. Bxe5 Be7 27. Bf4
Bf6 28. Be5 Be7 29. Bf4 g5 30. Be5 a5 31. Rc2 Rxc2 32. Bxc2 Ba6 {Diagram #} 33.
Rd1 Be2 34. Re1 Bxg4 35. f3 Rc8 36. Re2 Bf5 37. Bxf5 exf5 38. Bg3 Bf6 39. Be5
Rc1+ 40. Kf2 Kg7 41. Ke3 Kg6 42. Kd2 Rc6 43. Bxf6 Rxf6 44. Re8 Rb6 45. Kc3 Kh5
46. g3 Rc6+ 47. Kb3 Rc4 48. Re5 Rxd4 49. Rxf5 Kg6 50. g4 h5 51. Kc3 hxg4 52.
fxg4 Rc4+ 53. Kd3 Rxg4 54. Rxd5 a4 55. Rd4 Rxd4+ 56. Kxd4 Kf6 0-1

[Event "Brno ÈEZ Talent"]
[Site "?"]
[Date "2014.08.29"]
[Round "7"]
[White "Hosek, Martin"]
[Black "Chudinovskikh, Alexander M"]
[Result "1/2-1/2"]
[WhiteElo "2039"]
[BlackElo "2273"]
[PlyCount "80"]
[EventDate "2014.??.??"]

1. d4 Nf6 2. c4 e6 3. Nf3 c5 4. d5 exd5 5. cxd5 d6 6. Nc3 g6 7. Nd2 Bg7 8. Nc4
O-O 9. Bf4 Ne8 10. e3 b6 11. Be2 Ba6 12. O-O Bxc4 13. Bxc4 Qe7 14. Qe2 a6 15.
a4 Nc7 16. e4 Nd7 17. Bg3 Ne5 18. Rfe1 g5 19. Rab1 Nxc4 20. Qxc4 Rab8 21. Qd3
Be5 22. b4 Rfc8 23. bxc5 bxc5 24. Bxe5 Qxe5 25. a5 Re8 26. Rb6 h6 27. Reb1 Rbc8
28. Qg3 Nb5 29. Qxe5 Rxe5 30. Nxb5 axb5 31. R1xb5 Rxe4 32. f3 Re2 33. Rxd6 Rd2
34. Rdb6 Rxd5 35. a6 Rd1+ 36. Kf2 Ra1 37. Rb1 Ra2+ 38. R1b2 Ra5 39. Rb8 Rxb8
40. Rxb8+ Kg7 1/2-1/2

[Event "Brno ÈEZ Talent"]
[Site "?"]
[Date "2014.08.29"]
[Round "7"]
[White "Holemar, David"]
[Black "Ketola, Ville"]
[Result "1-0"]
[WhiteElo "2246"]
[BlackElo "2121"]
[PlyCount "113"]
[EventDate "2014.??.??"]

1. Nf3 d5 2. d4 Nf6 3. c4 c6 4. Qc2 e6 5. Nc3 Nbd7 6. e4 dxe4 7. Nxe4 Nxe4 8.
Qxe4 Nf6 9. Qh4 Bb4+ 10. Bd2 Bxd2+ 11. Nxd2 Qa5 12. Bd3 c5 13. Qg5 O-O 14. Qxc5
Qxc5 15. dxc5 Nd7 16. Nb3 a5 17. c6 bxc6 18. Be4 Bb7 19. O-O-O Rfd8 20. Bf3 a4
21. Rxd7 Rxd7 22. Nc5 Rd4 23. Nxb7 Ra7 24. Nd8 Rxd8 25. Bxc6 Kf8 26. Kc2 Ra6
27. Bb5 Rad6 28. Kc3 Rd2 29. c5 Rxf2 30. Bxa4 Ra8 31. Bc2 Ra5 32. b4 Rxa2 33.
Bb3 Rae2 34. Rb1 {Diagram #} Ke7 35. b5 Re3+ 36. Kb4 Kd7 37. Ka5 Kc7 38. Ba4
Rf5 39. Rc1 Ree5 40. b6+ Kb7 41. Kb5 Rf2 42. Bd1 Rb2+ 43. Kc4 Kb8 44. Bf3 g5
45. Ra1 Kc8 46. Ra8+ Kd7 47. b7 Kc7 48. Rc8+ Kd7 49. b8=Q Rxb8 50. Rxb8 g4 51.
Rb7+ Kc8 52. Bc6 f5 53. Rxh7 Re2 54. g3 Rc2+ 55. Kd4 e5+ 56. Kxe5 Rxc5+ 57. Kd6
1-0

[Event "Brno ÈEZ Talent"]
[Site "?"]
[Date "2014.08.29"]
[Round "7"]
[White "Lanc, Alois"]
[Black "Hajek, Oskar"]
[Result "1-0"]
[WhiteElo "2363"]
[BlackElo "2061"]
[PlyCount "71"]
[EventDate "2014.??.??"]

1. e4 d6 2. d4 Nf6 3. Nc3 e5 4. Nf3 Nbd7 5. Bc4 Be7 6. O-O O-O 7. Re1 c6 8. a4
a5 9. Ba2 exd4 10. Nxd4 Nc5 11. Qf3 Ng4 12. h3 Ne5 13. Qe3 Ne6 14. Nf5 Ng6 15.
Qg3 Nc5 16. Nxe7+ Qxe7 17. f4 Be6 18. f5 Bxa2 19. fxg6 Be6 20. Bf4 Rfd8 21.
gxf7+ Bxf7 22. Rad1 Ne6 23. Bxd6 Qf6 24. Rf1 Qg6 25. Qe3 Rd7 26. Rd2 Ng5 27. e5
Re8 28. Qg3 Qh6 29. Rdf2 Ne6 30. Ne4 Qg6 31. Qe3 Nd8 32. Rf3 Kh8 33. Rg3 Qe6
34. Qf4 Bg8 35. Nc5 Qf7 36. Qg4 1-0

[Event "Brno ÈEZ Talent"]
[Site "?"]
[Date "2014.08.29"]
[Round "7"]
[White "Richterova, Natasa"]
[Black "Kratochvil, Josef"]
[Result "1-0"]
[WhiteElo "2105"]
[BlackElo "2269"]
[PlyCount "53"]
[EventDate "2014.??.??"]

1. e4 c5 2. Nf3 d6 3. Bb5+ Nd7 4. d4 Ngf6 5. O-O a6 6. Bxd7+ Nxd7 7. c4 e6 8.
Nc3 Be7 9. dxc5 Nxc5 10. Qe2 O-O 11. Bf4 b5 12. b4 Nd7 13. cxb5 axb5 14. Rfd1
e5 15. Be3 f5 16. exf5 Rxf5 17. Qxb5 Kh8 18. Ne4 Qf8 19. Qd5 Rb8 20. Nxd6 Bxd6
21. Qxd6 {Diagram #} Rxf3 22. gxf3 Qe8 23. Rac1 h6 24. Rxc8 Qxc8 25. Qxd7 Qf8
26. Qd6 Qe8 27. a4 1-0

[Event "Brno ÈEZ Talent"]
[Site "?"]
[Date "2014.08.29"]
[Round "7"]
[White "Milcova, Zuzana"]
[Black "Blahynka, Martin"]
[Result "0-1"]
[WhiteElo "2027"]
[BlackElo "2210"]
[PlyCount "72"]
[EventDate "2014.??.??"]

1. e4 c5 2. c3 d5 3. exd5 Qxd5 4. d4 g6 5. Nf3 Bg7 6. dxc5 Qxc5 7. Be3 Qc7 8.
Nbd2 Nf6 9. Bc4 O-O 10. h3 b6 11. Qe2 Bb7 12. O-O Nc6 13. Rad1 Na5 14. Bd3 Nd5
15. Rfe1 e5 16. Nh2 f5 17. f3 Rad8 18. Bg5 Nf4 19. Bxf4 exf4 20. Nb3 Bd5 21.
Nd4 Rfe8 22. Qxe8+ Rxe8 23. Rxe8+ Kf7 24. Re2 Bxa2 25. Bb5 Qc5 26. Kh1 Bxd4 27.
Be8+ Kf8 28. Rxd4 Bc4 {Diagram #} 29. b4 Qxd4 30. cxd4 Bxe2 31. Bd7 Ke7 32. Bc8
Nc6 33. Kg1 Nxb4 34. Kf2 Bc4 35. Nf1 Bd5 36. g3 Kd8 0-1

[Event "Brno ÈEZ Talent"]
[Site "?"]
[Date "2014.08.29"]
[Round "7"]
[White "Kozusek, Daniel"]
[Black "Tovarek, Antonin"]
[Result "1-0"]
[WhiteElo "2191"]
[BlackElo "2029"]
[PlyCount "91"]
[EventDate "2014.??.??"]

1. d4 Nf6 2. c4 b6 3. Nc3 e6 4. e4 Bb4 5. e5 Ne4 6. Qg4 Nxc3 7. a3 Bf8 8. Bg5
Be7 9. Bxe7 Qxe7 10. Qxg7 Qf8 11. Qxf8+ Kxf8 12. bxc3 Bb7 13. f3 d6 14. f4 Nd7
15. Nh3 f6 16. O-O-O Ke7 17. exf6+ Kxf6 18. Rg1 h5 19. Nf2 Rag8 20. g3 Rg7 21.
Be2 e5 22. fxe5+ dxe5 23. Nd3 Re7 24. g4 h4 25. g5+ Kg7 26. Bg4 e4 27. Nf4 c5
28. Nh5+ Kg6 29. Nf6 Nf8 30. d5 Kxg5 31. d6 Kxf6 32. Rgf1+ Kg5 33. dxe7 Ng6 34.
Rd8 Bc6 35. Bd7 Bxd7 36. Rg1+ Kf6 37. Rxg6+ Kxg6 38. Rxh8 Kf7 39. Rh7+ Ke8 40.
Rxh4 Bf5 41. Rh5 Bg6 42. Re5 a6 43. h4 b5 44. cxb5 axb5 45. h5 Bh7 46. h6 1-0

[Event "Brno ÈEZ Talent"]
[Site "?"]
[Date "2014.08.29"]
[Round "7"]
[White "Majer, Jiri"]
[Black "Zpevakova, Jana"]
[Result "1-0"]
[WhiteElo "2067"]
[BlackElo "2042"]
[PlyCount "103"]
[EventDate "2014.??.??"]

1. d4 Nf6 2. Nf3 g6 3. g3 Bg7 4. Bg2 O-O 5. c4 d6 6. O-O c6 7. Nc3 Qa5 8. Bd2
Qh5 9. h4 e5 10. dxe5 dxe5 11. Nh2 Rd8 12. Bf3 Qf5 13. e4 Qe6 14. Qe2 Na6 15.
Rfd1 {(R)} Qe7 16. Be3 Bd7 17. Rd2 Ne8 18. Rad1 Nec7 19. Bg5 f6 20. Be3 Ne6 21.
Bg4 h5 22. Bf3 b6 23. a3 Nac5 24. b4 Nb3 25. Rb2 Nbd4 26. Qf1 Be8 27. Bg2 f5
28. Rbd2 f4 29. Bxd4 Nxd4 30. Nf3 Nxf3+ 31. Bxf3 Rxd2 32. Rxd2 Bh6 33. Rd1 a5
34. b5 Qxa3 35. Qd3 Bf8 36. gxf4 exf4 37. e5 Ra7 38. bxc6 Bf7 39. Bd5 Kg7 40.
Nb5 Qe7 41. Nxa7 Qxh4 42. c7 Bc5 43. Qf3 Bxf2+ 44. Kf1 Bxd5 45. cxd5 Qh2 46.
c8=Q Bc5 47. Qg2 Qh4 48. Qd7+ Kh6 49. Qf7 g5 50. Qf6+ Kh7 51. Qe4+ Kg8 52.
Qeg6# 1-0

[Event "Brno ÈEZ Talent"]
[Site "?"]
[Date "2014.08.29"]
[Round "7"]
[White "Blazek, Pavel"]
[Black "Skacelik, Petr"]
[Result "0-1"]
[WhiteElo "1770"]
[BlackElo "2173"]
[PlyCount "92"]
[EventDate "2014.??.??"]

1. e4 c5 2. Nf3 d6 3. d4 cxd4 4. Nxd4 Nf6 5. Nc3 a6 6. Be2 e5 7. Nb3 Be6 8. Bg5
Nbd7 9. Nd5 Bxd5 10. exd5 Be7 11. Bxf6 Bxf6 12. c4 Qc7 13. Rc1 O-O 14. O-O g6
15. Rc2 Bg7 16. f4 exf4 17. Rxf4 f5 18. Kh1 Be5 19. Rf3 Rae8 20. Nd4 Bxd4 21.
Qxd4 Re4 22. Qf2 Rfe8 23. h3 Ne5 24. Rfc3 Qe7 25. Bd3 Nxd3 26. Rxd3 Qe5 27. Rd1
a5 28. b3 Re3 29. Kg1 b6 30. Kh1 Qe4 31. Kg1 f4 32. Rf1 g5 33. h4 h6 34. Kh2
Kg7 35. h5 Rf8 36. Rd2 Qe8 37. Kg1 Qxh5 38. Re1 Rfe8 39. Rdd1 Qg4 40. Qb2+ Kf7
41. Qf2 h5 42. Rc1 Re2 43. Rxe2 Rxe2 44. Qf1 h4 45. Ra1 h3 46. Qf3 Rxg2+ 0-1

[Event "Brno ÈEZ Talent"]
[Site "?"]
[Date "2014.08.29"]
[Round "7"]
[White "Dvorak, Adam"]
[Black "Sarson, Ondrej"]
[Result "1/2-1/2"]
[WhiteElo "2130"]
[BlackElo "1778"]
[PlyCount "54"]
[EventDate "2014.??.??"]

1. d4 d5 2. c4 c6 3. Nc3 Nf6 4. Nf3 Nbd7 5. cxd5 cxd5 6. h3 e6 7. Bf4 Bb4 8. e3
Qa5 9. Qb3 Ne4 10. Rc1 Ndf6 11. Bd3 O-O 12. O-O Bd7 13. Bc7 b6 14. Be5 Bxc3 15.
bxc3 Rac8 16. c4 dxc4 {(R)} 17. Bxc4 h6 18. Bxf6 Nxf6 19. Ne5 Rc7 20. f4 Rfc8
21. f5 b5 22. fxe6 bxc4 23. exf7+ Kf8 24. Qc2 Be6 25. e4 Bxf7 26. Nxf7 Rxf7 27.
e5 Qd5 {(R)} 1/2-1/2

[Event "Brno ÈEZ Talent"]
[Site "?"]
[Date "2014.08.29"]
[Round "7"]
[White "Uhmann, Jan"]
[Black "Stehlik, Jiri"]
[Result "1-0"]
[WhiteElo "2048"]
[BlackElo "1945"]
[PlyCount "83"]
[EventDate "2014.??.??"]

1. e4 d6 2. d4 Nf6 3. Bd3 g6 4. f4 Bg7 5. Nf3 O-O 6. c3 c5 7. e5 Nd5 8. Qb3
dxe5 9. Be4 e6 10. fxe5 cxd4 11. Bg5 f6 12. exf6 Bxf6 13. Bxf6 Rxf6 14. cxd4
Nc6 15. Nc3 Na5 16. Qc2 Nc6 17. h4 Ne3 18. Qd2 Nf5 19. Bxc6 bxc6 20. Ne4 Rf8
21. h5 e5 22. dxe5 Qxd2+ 23. Kxd2 g5 24. Nfxg5 h6 25. Nf3 Be6 26. g4 Ng3 27.
Nf6+ Rxf6 28. exf6 Nxh1 29. Rxh1 Bxa2 30. Ne5 Bd5 31. Rf1 Rf8 32. b4 Rb8 33.
f7+ Bxf7 34. Nxf7 Kg7 35. Ne5 Rxb4 36. Rf7+ Kg8 37. Rxa7 Re4 38. Re7 c5 39. Kd3
Rd4+ 40. Ke3 Ra4 41. Rc7 Ra5 42. Kf4 1-0

[Event "Brno ÈEZ Talent"]
[Site "?"]
[Date "2014.08.29"]
[Round "7"]
[White "Spodny, Josef"]
[Black "Benes, Miroslav"]
[Result "1/2-1/2"]
[WhiteElo "2007"]
[BlackElo "1957"]
[PlyCount "42"]
[EventDate "2014.??.??"]

1. d4 f5 2. Bg5 g6 3. e3 Bg7 4. h4 h6 5. Bf4 Nf6 6. Nf3 d6 7. Bc4 c6 8. c3 a5
9. a4 e6 10. Qb3 Qe7 11. Qa3 {(R)} Ne4 12. Nbd2 Nxd2 13. Kxd2 c5 14. dxc5 dxc5
15. Bxb8 Rxb8 16. Kc2 O-O 17. Rad1 Qc7 18. Qb3 {(R)} Kh7 19. Bxe6 Rf6 20. Ng5+
Kh8 21. Nf7+ Kh7 1/2-1/2

[Event "Brno ÈEZ Talent"]
[Site "?"]
[Date "2014.08.29"]
[Round "7"]
[White "Kucera, Petr"]
[Black "Hrdlicka, Vladan"]
[Result "1-0"]
[WhiteElo "1981"]
[BlackElo "1823"]
[PlyCount "81"]
[EventDate "2014.??.??"]

1. e4 c5 2. Nf3 e6 3. c3 Nc6 4. Bb5 Qa5 5. Bxc6 bxc6 6. e5 Ba6 7. d3 Qb5 8. c4
Qb4+ 9. Nc3 Rb8 10. Bd2 Qb6 11. O-O Ne7 12. Na4 Qc7 13. Nxc5 Bc8 14. Ne4 Ng6
15. Bc3 Be7 16. b3 f5 17. exf6 gxf6 18. Bxf6 Rf8 19. Bxe7 Kxe7 20. Nfg5 h6 21.
Qh5 Qf4 22. Qxg6 hxg5 23. Qxg5+ Qxg5 24. Nxg5 c5 25. f4 Bb7 26. g4 Rf6 27. Rae1
Rh8 28. h3 Rg6 29. Kh2 a5 30. Kg3 Rgh6 31. Rf2 Bc8 32. Rh2 Rh4 33. Nf3 R4h7 34.
Ne5 Rg8 35. g5 d6 36. Ng4 Rf8 37. h4 Rhf7 38. Rf2 Rg7 39. f5 Rh7 40. g6 Rh5 41.
f6+ 1-0

[Event "Brno ÈEZ Talent"]
[Site "?"]
[Date "2014.08.29"]
[Round "7"]
[White "Prokop, Jiri"]
[Black "Licka, Vlastimil"]
[Result "0-1"]
[WhiteElo "1693"]
[BlackElo "1959"]
[PlyCount "136"]
[EventDate "2014.??.??"]

1. f4 Nf6 2. Nf3 d5 3. d4 Bf5 4. e3 e6 5. Ne5 Be7 6. Nd2 Nbd7 7. Ndf3 O-O 8.
Be2 c5 9. c3 Rc8 10. O-O cxd4 11. exd4 a6 12. a4 Ne8 13. Nxd7 Qxd7 14. Ne5 Qc7
15. Bd2 Nd6 16. Ng4 Ne4 17. Qe1 Bd6 18. Ne5 Rfd8 19. g4 Nxd2 20. Qxd2 Be4 21.
g5 Rf8 22. Bd3 Bxd3 23. Nxd3 Qe7 24. Rf3 f6 25. Raf1 fxg5 26. fxg5 Rxf3 27.
Rxf3 Rf8 28. Rxf8+ Qxf8 29. Ne5 Qf5 30. Nd3 Be7 31. Nc5 e5 32. h4 Qg4+ 33. Qg2
Qd1+ 34. Kh2 e4 35. Nxb7 Qxa4 36. Qg4 Qc6 37. Na5 Qc7+ 38. Kh3 Qxa5 39. Qe6+
Kf8 40. Qf5+ Ke8 41. Qxh7 Qc7 42. Qh5+ Kd7 43. Qf7 Qd6 44. Qxg7 Qe6+ 45. Kg3 e3
46. Qh6 Qxh6 47. gxh6 e2 48. Kf2 e1=Q+ 49. Kxe1 Bxh4+ 50. Ke2 Ke7 51. h7 Bf6
52. Kd3 Kf7 53. Kc2 Kg7 54. Kb3 a5 55. Ka4 Bd8 56. Kb5 Kxh7 57. Kc5 Kg6 58.
Kxd5 Kf5 59. b3 Kf4 60. Kc4 Ke3 61. d5 Kd2 62. d6 Kc2 63. d7 Kb2 64. b4 a4 65.
b5 a3 66. Kc5 a2 67. b6 a1=Q 68. b7 Qa7+ 0-1

[Event "Brno ÈEZ Talent"]
[Site "?"]
[Date "2014.08.29"]
[Round "7"]
[White "Veznik, Michael"]
[Black "Dumkova, Daniela"]
[Result "1-0"]
[WhiteElo "1934"]
[BlackElo "1745"]
[PlyCount "62"]
[EventDate "2014.??.??"]

1. d4 Nf6 2. f3 e6 3. e4 d5 4. Be3 dxe4 5. fxe4 Nxe4 6. Nf3 Nc6 7. Bd3 Nf6 8.
O-O Be7 9. c3 Nd5 10. Bd2 Bf6 11. Na3 a6 12. Nc4 O-O 13. Qe2 b5 14. Nce5 Nxe5
15. dxe5 Be7 16. Qe4 g6 17. Bh6 Re8 18. h4 Bd7 19. Ng5 f5 20. exf6 Nxf6 21.
Rxf6 Bc5+ 22. Rf2 Bxf2+ 23. Kxf2 e5 24. Qf3 Qe7 25. Kg1 a5 26. Be4 c6 27. Rf1
Qc5+ 28. Kh1 Qe7 29. Qf7+ Qxf7 30. Rxf7 Rad8 31. Rg7+ Kh8 1-0

[Event "Brno ÈEZ Talent"]
[Site "?"]
[Date "2014.08.29"]
[Round "7"]
[White "Svanda, Ondrej"]
[Black "Hyll, Jan"]
[Result "0-1"]
[WhiteElo "1725"]
[BlackElo "1932"]
[PlyCount "116"]
[EventDate "2014.??.??"]

1. e4 d5 2. exd5 Nf6 3. Nc3 Nxd5 4. d4 Nxc3 5. bxc3 g6 6. Nf3 Bg7 7. Bd3 c5 8.
O-O O-O 9. Be3 Nc6 10. Be4 f5 11. Bxc6 bxc6 12. Bf4 Qa5 13. Qd3 Ba6 14. c4 cxd4
15. Rfe1 Qc5 16. Be5 Rfd8 17. Bxg7 Kxg7 18. Re5 Rd5 19. Rxd5 cxd5 20. Nxd4 Qd6
21. Qc3 e5 22. Nb5 Bxb5 23. cxb5 d4 24. Qb3 Rc8 25. a4 Rc3 26. Qb2 Qc7 27. a5
Rxc2 28. Qb1 d3 29. b6 Qc5 30. Qf1 axb6 31. a6 Qd5 32. a7 Ra2 33. Rxa2 Qxa2 34.
Qxd3 Qa1+ 35. Qf1 Qxa7 36. h3 Qd7 37. Qe2 Kf6 38. Qb2 b5 39. Qa3 Kg7 40. Qb2
Qd5 41. Qa3 Qb7 42. Qc5 e4 43. Qe5+ Kf7 44. Qc3 b4 45. Qc4+ Kf6 46. Qd4+ Ke6
47. Qc4+ Qd5 48. Qa6+ Qd6 49. Qc4+ Ke5 50. Qb5+ Kd4 51. Qa4 Kc4 52. Qc2+ Kb5
53. Qb2 Qd5 54. Qb1 b3 55. Qc1 Qc5 56. Qf1+ Qc4 57. Qa1 Kb4 58. Qb2 Qc3 0-1

[Event "Brno ÈEZ Talent"]
[Site "?"]
[Date "2014.08.29"]
[Round "7"]
[White "Zeman, Radek"]
[Black "Turza, Pavel"]
[Result "1-0"]
[WhiteElo "1845"]
[BlackElo "1776"]
[PlyCount "63"]
[EventDate "2014.??.??"]

1. e4 e5 2. Nf3 d6 3. d4 Qe7 4. Nc3 c6 5. h3 h6 6. Bc4 Nf6 7. O-O Qc7 8. Bb3
Be7 9. Be3 Nbd7 10. Qd2 Nf8 11. Rad1 N8h7 12. Ne1 g5 13. Nd3 Nh5 14. dxe5 dxe5
15. Nxe5 Qxe5 16. Bd4 Qf4 17. Bxh8 Qxd2 18. Rxd2 f6 19. e5 f5 20. e6 N7f6 21.
g3 b6 22. Rdd1 Ba6 23. Rfe1 Bb4 24. g4 fxg4 25. Bxf6 Nxf6 26. Ne4 Bxe1 27.
Nxf6+ Ke7 28. Nxg4 Bb4 29. Rd7+ Kf8 30. Rf7+ Ke8 31. Nf6+ Kd8 32. Rd7+ 1-0

[Event "Brno ÈEZ Talent"]
[Site "?"]
[Date "2014.08.29"]
[Round "7"]
[White "Greussing, Stefan"]
[Black "Glozar, Petr"]
[Result "0-1"]
[WhiteElo "1803"]
[BlackElo "1566"]
[PlyCount "42"]
[EventDate "2014.??.??"]

1. d4 d5 2. Nf3 e6 3. e3 Nf6 4. Bd3 Bd6 5. b3 O-O 6. O-O Nc6 7. a3 e5 8. dxe5
Nxe5 9. Nxe5 Bxe5 10. Ra2 {Diagram #} Bxh2+ 11. Kxh2 Ng4+ 12. Kg3 Re8 13. f3
Qd6+ 14. f4 Nxe3 15. Bxe3 Rxe3+ 16. Rf3 g5 17. Kf2 gxf4 18. Rxe3 fxe3+ 19. Kxe3
Qh6+ 20. Kf2 Qh4+ {Diagram #} 21. Kf1 $4 Qh1+ 0-1

[Event "Brno ÈEZ Talent"]
[Site "?"]
[Date "2014.08.29"]
[Round "7"]
[White "Martirosyan, Ara"]
[Black "Khachatouri, Saro"]
[Result "1-0"]
[WhiteElo "1729"]
[BlackElo "1790"]
[PlyCount "39"]
[EventDate "2014.??.??"]

1. e4 d6 2. d4 Nf6 3. Nc3 e5 4. dxe5 dxe5 5. Qxd8+ Kxd8 6. Bc4 Ke8 7. Nf3 Bd6
8. O-O c6 9. Rd1 Bc7 10. Be3 b5 11. Bb3 a5 12. Ng5 {Diagram #} h6 13. Bxf7+ Ke7
14. Bc5+ Bd6 15. Bxd6+ Kd7 16. Bxb8+ Ke7 17. Bd6+ Kd7 18. Bxe5+ Ke7 19. Bd6+
Kd7 20. Bf8+ 1-0

[Event "Brno ÈEZ Talent"]
[Site "?"]
[Date "2014.08.29"]
[Round "7"]
[White "Effenberger, Adam"]
[Black "Zikan, Karel"]
[Result "1-0"]
[WhiteElo "1734"]
[BlackElo "1772"]
[PlyCount "92"]
[EventDate "2014.??.??"]

1. e4 c6 2. d4 d5 3. Nc3 dxe4 4. Nxe4 Nd7 5. c3 Ngf6 6. Nxf6+ Nxf6 7. Bd3 Bg4
8. Ne2 e6 9. h3 Bh5 10. Qb3 Qb6 11. Nf4 Bg6 12. Nxg6 hxg6 13. Bf4 Qxb3 14. axb3
a6 15. O-O O-O-O 16. Bc2 Bd6 17. Bxd6 Rxd6 18. Rfe1 Kc7 19. f3 Rhd8 20. Kf2 Nd7
21. b4 Nf6 22. Ra5 Rd5 23. Rxd5 Nxd5 24. Re4 Kd7 25. Bb3 Ke7 26. Ke1 a5 27.
bxa5 Ra8 28. c4 Nf6 29. Re5 Rd8 30. a6 bxa6 31. Ra5 Rb8 32. Ra3 Nh5 33. Kd2 Nf4
34. Bc2 Rxb2 35. Rxa6 Nxg2 36. Kc3 Rb8 37. Rxc6 Ne1 38. Rc7+ Kf6 39. Be4 Ng2
40. c5 Nf4 41. Kc4 Rd8 42. c6 Nxh3 43. Rb7 Ng5 44. Kc5 Nxe4+ 45. fxe4 g5 46. c7
g4 1-0

[Event "Brno ÈEZ Talent"]
[Site "?"]
[Date "2014.08.29"]
[Round "7"]
[White "Lisik, Miroslav"]
[Black "Kosina, Vladimir"]
[Result "1-0"]
[WhiteElo "1678"]
[BlackElo "1799"]
[PlyCount "163"]
[EventDate "2014.??.??"]

1. e4 c5 2. Nc3 a6 3. g3 Nc6 4. Bg2 g6 5. f4 d6 6. h3 Bg7 7. Nf3 Nf6 8. d3 O-O
9. O-O Bd7 10. Ne2 Rc8 11. g4 Qb6 12. Kh1 h6 13. Qe1 Nh7 14. c3 e5 15. f5 g5
16. h4 f6 17. hxg5 hxg5 18. Qf2 Qd8 19. Kh2 Kf7 20. Rh1 Rh8 21. Kg1 Ke7 22. Ng3
Qg8 23. Nh5 Rf8 24. Be3 Be8 25. Bf1 Bf7 26. Kg2 Kd7 27. Be2 Kc7 28. Rh2 Rd8 29.
d4 cxd4 30. cxd4 Rd7 31. d5 Bxd5 32. exd5 Qxd5 33. b3 Qe4 34. Kg3 d5 35. Bb6+
Kb8 36. Rc1 d4 37. Nd2 Qd5 38. Bc4 Qd6 39. Ne4 Qa3 40. Rd1 Qf8 41. Nc5 Qd6 42.
Nxd7+ Qxd7 43. Be6 Qe7 44. Rc1 Nf8 45. Bc5 Qc7 46. Bxf8 Rxf8 47. Nxg7 e4+ 48.
Kg2 Qxg7 49. Rxc6 e3 50. Qg3+ Ka7 51. Rd6 Re8 52. Rxd4 Qe7 53. Qxe3 Ka8 54. Rd7
Qxd7 55. Bxd7 Rxe3 56. Rh8+ Ka7 57. Rf8 Re2+ 58. Kf3 Rxa2 59. Rxf6 Rd2 60. Be6
Rd3+ 61. Ke2 Rg3 62. Rg6 Rxg4 63. Kf3 Rf4+ 64. Ke3 Rg4 65. f6 Rf4 66. f7 Rf1
67. Rxg5 Re1+ 68. Kf4 Rxe6 69. f8=Q Rc6 70. Rc5 Rb6 71. Rc3 Rb5 72. Qd6 a5 73.
Qd4+ Kb8 74. Ke3 Rh5 75. Kd2 Rh2+ 76. Kc1 Rh5 77. Qb6 a4 78. Rc7 Rh1+ 79. Kb2
a3+ 80. Kxa3 Ra1+ 81. Kb2 Ra7 82. Rd7 1-0

[Event "Brno ÈEZ Talent"]
[Site "?"]
[Date "2014.08.29"]
[Round "7"]
[White "Svanda, Adam"]
[Black "Kaplan, Milan"]
[Result "0-1"]
[WhiteElo "1486"]
[BlackElo "1800"]
[PlyCount "78"]
[EventDate "2014.??.??"]

1. c4 Nf6 2. Nc3 e6 3. g3 c6 4. Bg2 d5 5. cxd5 exd5 6. d3 Be7 7. Nf3 O-O 8. O-O
d4 9. Ne4 Nxe4 10. dxe4 c5 11. b3 Nc6 12. Bb2 Qb6 13. Rc1 Be6 14. Ba1 Rfd8 15.
Rb1 Rac8 16. Qd2 h6 17. Qb2 Bf6 18. Qa3 Nb4 19. Ne1 Bd7 20. Rd1 Bb5 21. Nd3 Nc2
22. Qb2 Nxa1 23. Qxa1 a5 24. Qb1 Qa7 25. a4 Bd7 26. Rc1 b5 27. axb5 Bxb5 28.
Qa2 Qb6 29. Qb1 Be7 30. Rfd1 Rb8 31. Qa2 Ra8 32. Qc2 a4 33. Nxc5 Bxc5 34. Qxc5
Qxc5 35. Rxc5 Bxe2 36. Rd2 axb3 37. Rc1 Ra2 38. Rxa2 bxa2 39. Ra1 Rb8 0-1

[Event "Brno ÈEZ Talent"]
[Site "?"]
[Date "2014.08.29"]
[Round "7"]
[White "Glacner, Karel"]
[Black "Barak, David"]
[Result "0-1"]
[WhiteElo "1574"]
[BlackElo "1409"]
[PlyCount "104"]
[EventDate "2014.??.??"]

1. c4 e6 2. Nc3 Nf6 3. g3 d5 4. Bg2 c6 5. Qb3 Bc5 6. Nf3 Qb6 7. O-O Nbd7 8. Na4
Qxb3 9. axb3 Bb4 10. Nd4 Nc5 11. Nxc5 Bxc5 12. Nc2 Ke7 13. b4 Bd6 14. c5 Be5
15. f4 Bc7 16. d3 Bd7 17. e4 dxe4 18. dxe4 e5 19. Bd2 Rhd8 20. Bc3 exf4 21.
gxf4 Ng8 22. Ne3 f6 23. Nf5+ Bxf5 24. exf5 Nh6 25. Be4 Kf7 26. Bc2 a6 27. h3
Kf8 28. Be4 Re8 29. Rae1 Re7 30. Kg2 a5 31. Kf3 axb4 32. Bxb4 Ra4 33. Bc3 Rc4
34. Re3 Nxf5 35. Bxf5 Rxf4+ 36. Ke2 Rxe3+ 37. Kxe3 Rxf1 38. Bc8 {(R)} Rh1 39.
Bxb7 Rxh3+ 40. Ke2 Be5 41. Bxe5 fxe5 42. Bxc6 Rb3 43. Bd5 Rxb2+ 44. Kd3 Rb4 45.
Be4 Rd4+ 46. Ke3 h6 47. c6 Ke7 48. Bf5 Kd6 49. Bd7 Kc7 50. Be8 Rd8 51. Bf7 Kxc6
52. Ke4 Kd6 0-1

[Event "Brno ÈEZ Talent"]
[Site "?"]
[Date "2014.08.30"]
[Round "8"]
[White "Roubalik, Jakub"]
[Black "Kociscak, Jiri"]
[Result "1-0"]
[WhiteElo "2347"]
[BlackElo "2458"]
[PlyCount "139"]
[EventDate "2014.??.??"]

1. d4 f5 2. Nc3 d5 3. Bf4 a6 4. e3 Nf6 5. Bd3 e6 6. Nf3 c5 7. dxc5 Bxc5 8. h3
Nc6 9. O-O O-O 10. Ne2 Qe8 11. Ne5 Nd7 12. Nxd7 Bxd7 13. Bh2 e5 {Diagram #} 14.
Bxf5 Bxf5 15. Qxd5+ Kh8 16. Qxc5 Rc8 17. Nc3 Bxc2 18. Qb6 Qg6 19. Bg3 Rf7 20.
Rac1 Rcf8 21. Rfe1 Bf5 22. Rf1 h6 23. Rcd1 Bd3 24. Rfe1 e4 25. Nd5 Qf5 26. Nf4
Ne5 27. Qe6 Qxe6 28. Nxe6 Re8 29. Nc5 b6 30. Nxd3 Nxd3 31. Re2 Rc8 32. Red2 Rc4
33. f3 Nc5 34. b3 Rc3 35. Be5 Rxe3 36. Bd4 Rd3 37. Bxc5 bxc5 38. Rxd3 exd3 39.
Rxd3 Rc7 40. Rd6 a5 41. Ra6 c4 42. bxc4 Rc5 43. Kf2 Kh7 44. Ke3 Rxc4 45. Rxa5
Rc2 46. g3 Rc3+ 47. Ke4 Kg6 48. Ra4 Kf6 49. h4 h5 50. Kf4 Rc5 51. g4 hxg4 52.
fxg4 Kg6 53. h5+ Kh7 54. Ra6 Rc4+ 55. Kg5 Rc5+ 56. Kh4 Rc4 57. a4 Rd4 58. a5
Ra4 59. Kg5 Rc4 60. Ra7 Rc5+ 61. Kh4 Kg8 62. a6 Ra5 63. Ra8+ Kh7 64. g5 Ra4+
65. Kg3 g6 66. Ra7+ Kg8 67. h6 Kh8 68. Kf3 Ra2 69. Ke4 Ra5 70. Kd4 1-0

[Event "Brno ÈEZ Talent"]
[Site "?"]
[Date "2014.08.30"]
[Round "8"]
[White "Holemar, David"]
[Black "Polak, Tomas"]
[Result "0-1"]
[WhiteElo "2246"]
[BlackElo "2511"]
[PlyCount "46"]
[EventDate "2014.??.??"]

1. e4 c5 2. Nf3 d6 3. d4 cxd4 4. Nxd4 Nf6 5. Nc3 Nc6 6. Be3 Ng4 7. Bc1 Qb6 8.
Bb5 e5 9. Nd5 Qxd4 10. Qxd4 exd4 11. Nc7+ Kd8 12. Nxa8 Bd7 13. a4 Kc8 14. a5
Kb8 15. Nb6 axb6 16. axb6 Be7 17. Bf4 Nce5 18. Bxd7 Nxd7 19. Bg3 Nge5 20. O-O-O
Nc6 21. f3 Nxb6 22. Bf2 Bg5+ 23. Kb1 Nc4 0-1